000 00588nas a2200217 4500
001 BR8405079
003 BR-BrBNA
005 20231205090024.0
007 ta
008 230509b bl.|||p| |||| 00| 00por d
040 _aBR-BrBNA
_bpor
_cBiblioteca Nacional de Agricultura
041 _a(Pt)
072 _aM12
100 1 _aRibas, J.F. de L.
245 1 _aA criacao de caracois
650 _aCARACOL
650 _aMANEJO
773 0 _tGranja (Brazil)
_xISSN 0367-505X
_g(Jan 1984), v. 40(432) p. 54-57
_wBR8405079
909 _a202311
_bLúcia
_c55
_dLúcia Elande
942 _2AGRIS
_n0
_cANA
999 _c115596
_d115596